Kabale University Library Catalogue

Oeuvre Poétique / (Record no. 3182)

MARC details
000 -LEADER
fixed length control field 00592nam a2200193 a 4500
003 - CONTROL NUMBER IDENTIFIER
control field OSt
005 - DATE AND TIME OF LATEST TRANSACTION
control field 20210218102918.0
008 - FIXED-LENGTH DATA ELEMENTS--GENERAL INFORMATION
fixed length control field 940412s1993 pn f000 1 spa
010 ## - LIBRARY OF CONGRESS CONTROL NUMBER
LC control number
020 ## - INTERNATIONAL STANDARD BOOK NUMBER
International Standard Book Number 9782729106638
040 ## - CATALOGING SOURCE
Original cataloging agency DLC
Transcribing agency KABLIB
Modifying agency KABLIB
082 ## - DEWEY DECIMAL CLASSIFICATION NUMBER
Edition number 23
Classification number 841.9
Item number CLU
100 2# - MAIN ENTRY--PERSONAL NAME
Personal name Cluny, Claude Michel.
Dates associated with a name 1944-
9 (RLIN) 8361
245 13 - TITLE STATEMENT
Title Oeuvre Poétique /
Statement of responsibility, etc. Claude Michel Cluny.
250 ## - EDITION STATEMENT
Edition statement 1. ed.
260 ## - PUBLICATION, DISTRIBUTION, ETC.
Place of publication, distribution, etc. [Panamá] :
Name of publisher, distributor, etc. Instituto Nacional de cultura, Dirección Nacional de Extensión Cultural, Departamento de Letras,
Date of publication, distribution, etc. c1993.
300 ## - PHYSICAL DESCRIPTION
Extent 500 p. ;
Dimensions 24 cm.
942 ## - ADDED ENTRY ELEMENTS (KOHA)
Source of classification or shelving scheme Dewey Decimal Classification
Koha item type Book
Holdings
Withdrawn status Lost status Source of classification or shelving scheme Damaged status Not for loan Home library Current library Shelving location Date acquired Total Checkouts Full call number Barcode Date last seen Price effective from Koha item type
    Dewey Decimal Classification     Education Library Education Library Open Access Section 18.02.2021   841.9 CLU 2448 18.02.2021 18.02.2021 Book

Kabale University Library | Kabale University P.O Box 317, Kabale, Uganda
Tel : +256754017033, +256774661503 E-mail : library@kab.ac.ug